Statistics for Chimaira Discography

Click here to take the quiz!

General Stats

  • This quiz has been taken 2 times
  • The average score is 60 of 112

Answer Stats

HintAnswer% Correct
Album Title{CHIMAIRA}
100%
6{Beyond} {The} {Grave}
100%
Album Title{RESURRECTION}
100%
Album Title{THE} {AGE} {OF} {HELL}
100%
Album Title{THE} {IMPOSSIBILITY} {OF} {REASON}
100%
Album Title{THE} {INFECTION}
100%
1{Cleansation}
100%
5{Comatose}
100%
2 | 10{Dead} {Inside}
100%
5{Down} {Again}
100%
7{Everything} {You} {Love}
100%
10{Needle}
100%
1 | 12{Nothing} {Remains}
100%
3{Pictures} {In} {The} {Gold} {Room}
100%
3 | 4{Power} {Trip}
100%
6 | 16{Pure} {Hatred}
100%
1 | 2{Resurrection}
100%
4 | 13{Salvation}
100%
3 | 6{Severed}
100%
4 | 8{Six}
100%
1{The} {Age} {Of} {Hell}
100%
2{The} {Impossibility} {Of} {Reason}
100%
1{The} {Venom} {Inside}
100%
3{Worthless}
100%
3{All} {That's} {Left} {Is} {Blood}
50%
Album Title{CROWN} {OF} {PHANTOMS}
50%
9{Black} {Heart}
50%
8{Bloodlust}
50%
Album Title{PASS} {OUT} {OF} {EXISTENCE}
50%
Album Title{THIS} {PRESENT} {DARKNESS}
50%
8{Crawl}
50%
7{Crown} {Of} {Phantoms}
50%
4 | 11{Empire}
50%
8{End} {It} {All}
50%
10{Eyes} {Of} {A} {Criminal}
50%
12{Implements} {Of} {Destruction}
50%
3{Inside} {The} {Horror}
50%
14{Jade}
50%
6{Killing} {The} {Beast}
50%
9{Kings} {Of} {The} {Shadow} {World}
50%
10{Lazarus}
50%
6{Left} {For} {Dead}
50%
1{Let} {Go}
50%
3{Losing} {My} {Mind}
50%
11{Love} {Soaked} {Death}
50%
4{Lumps}
50%
2{No} {Mercy}
50%
5{No} {Reason} {To} {Live}
50%
13{Options}
50%
11{Overlooked}
50%
{Painting} {The} {White} {To} {Grey}
50%
5{Pass} {Out} {Of} {Existence}
50%
5{Plastic} {Wonderland}
50%
2{Pleasure} {In} {Pain}
50%
9{Powerless}
50%
9{Pray} {For} {All}
50%
2{Save} {Ourselves}
50%
4 | 14{Secrets} {Of} {The} {Dead}
50%
{Sphere}
50%
7{Sp} {Lit}
50%
9{Stigmurder}
50%
7 | 9{The} {Dehumanizing} {Process}
50%
5{The} {Disappearing} {Sun}
50%
7 | 15{The} {Flame}
50%
1{The} {Machine}
50%
{This} {Present} {Darkness}
50%
4{Time} {Is} {Running} {Out}
50%
10{Wrapped} {In} {Violence}
50%
5{Year} {Of} {The} {Snake}
50%
6{Abeo}
0%
Album Title{COMING} {ALIVE}
0%
7{Born} {In} {Blood}
0%
2{Clockwork}
0%
3{Coming} {Alive}
0%
7 | 8{Destroy} {And} {Dominate}
0%
{Divination}
0%
{Empty}
0%
12{Forced} {Life}
0%
2{Frozen} {In} {Time}
0%
4{I} {Despise}
0%
6{Impending} {Doom}
0%
{Lend} {A} {Hand}
0%
7{On} {Broken} {Glass}
0%
10{Rizzo}
0%
12{Samsara}
0%
11{Scapegoat}
0%
{Silence}
0%
8{Spineless}
0%
8{Stoma}
0%
9{Taste} {My...}
0%
10{The} {Heart} {Of} {It} {All}
0%
6{The} {Transmigration}
0%
10{Trigger} {Finger}
0%
9{Try} {To} {Survive}
0%

Score Distribution

Percentile by Number Answered

Percent of People with Each Score

Your Score History

You have not taken this quiz